Get off the grass : kickstarting New Zealand's innovation economy /

Bibliographic Details
Main Author: Hendy, Shaun C.
Other Authors: Callaghan, Paul T.
Format: eBook
Language:English
Published: Auckland, New Zealand : Auckland University Press, 2013.
Subjects:
Online Access:Click to View
LEADER 01846nam a2200421 i 4500
001 EBC1531094
003 MiAaPQ
005 20200520144314.0
006 m o d |
007 cr cnu||||||||
008 130827s2013 nz a ob 001 0 eng d
020 |z 9781869407629 
020 |a 9781775585572  |q (electronic bk.) 
035 |a (MiAaPQ)EBC1531094 
035 |a (Au-PeEL)EBL1531094 
035 |a (CaPaEBR)ebr10812411 
035 |a (CaONFJC)MIL582185 
035 |a (OCoLC)862828779 
040 |a MiAaPQ  |b eng  |e rda  |e pn  |c MiAaPQ  |d MiAaPQ 
043 |a u-nz--- 
050 4 |a HC670.T4  |b H46 2013 
100 1 |a Hendy, Shaun C. 
245 1 0 |a Get off the grass :  |b kickstarting New Zealand's innovation economy /  |c Shaun Hendy & Paul Callaghan. 
264 1 |a Auckland, New Zealand :  |b Auckland University Press,  |c 2013. 
300 |a 1 online resource (249 pages) :  |b illustrations 
336 |a text  |2 rdacontent 
337 |a computer  |2 rdamedia 
338 |a online resource  |2 rdacarrier 
504 |a Includes bibliographical references (pages 227-230) and index. 
588 |a Description based on print version record. 
590 |a Electronic reproduction. Ann Arbor, MI : ProQuest, 2015. Available via World Wide Web. Access may be limited to ProQuest affiliated libraries. 
650 0 |a Knowledge economy  |z New Zealand. 
650 0 |a Technological innovations  |x Economic aspects  |z New Zealand. 
655 4 |a Electronic books. 
700 1 |a Callaghan, Paul T. 
776 0 8 |i Print version:  |a Hendy, Shaun C.  |t Get off the grass : kickstarting New Zealand's innovation economy.  |d Auckland, New Zealand : Auckland University Press, 2013  |h ix, 238 pages : illustrations ; 21 cm.  |z 9781869407629  |w (DLC) 2013433038 
797 2 |a ProQuest (Firm) 
856 4 0 |u https://ebookcentral.proquest.com/lib/matrademy/detail.action?docID=1531094  |z Click to View